| 000 | 00649nam a2200181 a 4500 | ||
|---|---|---|---|
| 008 | 081111s1989 ||||||||||||||||| || u | ||
| 020 | _a0702122998 | ||
| 050 | _aP 95.8 Oos | ||
| 100 | _aOosthuizen, Lucas M | ||
| 245 | 1 | 0 |
_aMedia policy and ethics. _cLucas M. Oosthuizen |
| 260 |
_aCape Town _bJuta and Company _c1989 |
||
| 300 | _aix, 102p | ||
| 350 | _a22500.00 | ||
| 650 | _aMEDIA | ||
| 650 | _aMASS MEDIA POLICY | ||
| 650 | _aMASS MEDIA--MORAL AND ETHICAL ASPECTS | ||
| 995 |
_D22500.00 _FCBU-MAIN LIBRARY (Kitwe) _H1 _I0.00 _M1 _UAVAILABLE _WNov 11, 2008 _ZMain Library Open Access Collection |
||
| 999 |
_c50940 _d50940 |
||